Research and Development in Accounting Units Reporting According to IFRS in the Slovak Republic
Saved in:
| Main Author: | |
|---|---|
| Other Authors: | |
| Format: | Book Chapter |
| Language: | English |
| Subjects: | |
| Tags: |
No Tags, Be the first to tag this record!
|
MARC
| LEADER | 00000naa a2200000 4500 | ||
|---|---|---|---|
| 001 | 0288446 | ||
| 005 | 20240502083922.1 | ||
| 041 | 0 | |a eng | |
| 044 | |a CZ | ||
| 245 | 1 | 0 | |a Research and Development in Accounting Units Reporting According to IFRS in the Slovak Republic |c Lea Jančičková, Renáta Pakšiová |
| 500 | |a Abstrakt | ||
| 610 | 2 | 0 | |a výskum |
| 610 | 2 | 0 | |a vývoj |
| 610 | 2 | 0 | |a jednotka účtovná |
| 610 | 2 | 0 | |a IFRS |
| 610 | 2 | 0 | |a Slovensko |
| 610 | 2 | 0 | |a rozvoj podniku |
| 100 | 1 | |a Jančičková, Lea, 1996- | |
| 700 | 1 | |a Pakšiová, Renáta, 1974- | |